| 000 | 00637nam a2200193 u 4500 | ||
|---|---|---|---|
| 001 | 000572984 | ||
| 003 | AM-YeHGA | ||
| 005 | 20250618073349.0 | ||
| 008 | 080321s1974 ||| r 000 0 rus d | ||
| 040 | _aAM-YeHGA | ||
| 041 | 0 | _arus | |
| 100 | 1 | _aПортнов, Владимир Викторович | |
| 245 | 1 | 0 |
_aДорога к себе : _bПовести / _cВладимир Портнов. |
| 260 |
_aМосква : _bМол. гвардия, _c1974. |
||
| 300 |
_a224 с. : _bпортр. |
||
| 440 | 0 | _aМолодые писатели | |
| 650 | 1 | 4 |
_aХудожественная литература _94918 |
| 090 | _c229786 | ||
| 999 |
_c228242 _d228242 |
||